000 00286nam a22001097a 4500
008 170112b xxu||||| |||| 00| 0 eng d
020 _a9780323039031
041 _aeng
080 _23RD
_a618.2
245 _aMOSBY'S MANUAL OF DIAGNOSTIC AND LABORATORY TESTS
_cPAGANA, K.D
942 _2udc
_cBK
999 _c2738
_d2738